000 00576nam a2200229Ia 4500
003 OSt
005 20221005122221.0
006 a|||||r|||| 00| 0
007 ta
008 221004b |||||||| |||| 00| 0 tam d
024 _a49313
037 _cTextual
040 _aCRL
_cCRL
_btam
041 _2tam
_atam
082 _aO31,3:g, K2
100 _aPremasaraswati Au.
_9631656
245 0 _aIrattai manithanin kathali
260 _c1962
650 _aTAMIL FICTION
942 _hO31,3:g, K2
_cTEXL
_2cc
999 _c1043629
_d1043629